000 01713cab a22002655a 4500
001 L139704
008 070806s2007 xxk f 000 0 eng d
035 _a(Sirsi) u139704
041 0 _aeng
050 0 4 _a696.9 $2 18
110 2 _aEnglish Heritage
_92714
245 0 0 _aEnglish Heritage interim guidance
_bHome Information Packs
_bunderstanding SAP ratings for historic and traditional homes
_h[electronic resource]
260 _aSwindon
_bEnglish Heritage
_c2007
520 _aInterim guidance note aimed at assisting interpretation of Standard Assessment Procedure (SAP) ratings when applied to historic or traditional homes. These form part of the Energy Performance Certificate (EPC). SAP ratings are calculations, and metered readings should be preferred whenever possible. SAPs are required for new homes or homes sold and requiring a Home Information Pack (which include an EPC). Explains the SAP rating and banding system in use. Historic buildings are often outside of the assumptions made by SAP in terms of shape, materials and exact measurements. Feedback from public and Domestic Energy Assessors on the document is welcomed.
590 _aKA
650 2 4 _aHOUSING ACT 2004 PART V
650 2 4 _aHOME INFORMATION PACKS
650 2 4 _aRESIDENTIAL ENERGY PERFORMANCE CERTIFICATES
650 2 4 _aGREEN BUILDINGS
651 4 _aUnited Kingdom
_y
690 _aPROPERTY-RESIDENTIAL PROPERTY-ACQUISITION AND DISPOSAL OF RESIDENTIAL PROPERTY-HOME BUYING REFORM
690 _aENVIRONMENTAL AND LAND CONSULTANCY-ENERGY-ENERGY USE-ENERGY EFFICIENCY
856 4 0 _uhttps://www.english-heritage.org.uk/server/show/nav.17655
_zView the item free of charge at www.english-heritage.org.uk...
942 _n0
999 _c107334
_d107334